00266nam a2200109Ia 4500008004100000082001800041100001700059245002600076250000900102260003700111300000800148150731s2015 xx 000 0 und d a618.1bK 15 D aDINESH, K.S. aKAUMARABHRTYA UPDATED a6 TH bCHAUKHAMBHA PUB. NEW DELHIc2015 a472